Bastien und Bastienne [CD аудио] (Запис номер 216386)
[ съкратено ]
| 000 -Лидер | |
|---|---|
| Лидер | 01530njm a2200373 c 4500 |
| 003 - Код на организацията, давaща контролен номер | |
| Код на организацията, даваща контролен номер | BLK |
| 005 - Дата и час на последна редакция | |
| Дата и час на последна редакция | 20250329134758.0 |
| 008 - Елементи от данни с фиксирана дължина | |
| Елементи с фиксирана дължина | 180410b bul||n||s|||||||| n|bulo| |
| 040 ## - Източник на каталожния запис | |
| Код на библиотеката | BLK |
| 041 ## - Код за език | |
| Език на записа | Немски |
| Език за КДБФ | Немски |
| 080 ## - УДК | |
| УДК текст | Опера. Музикална драма. Романтична опера. Опера-приказка |
| УДК код | 782.1 |
| УДК – код + определител | 782.1 |
| 100 ## - Редна дума - Автор | |
| Автор | Моцарт, Волфганг Амадеус |
| Години, свързани с автора | 1756 - 1791 |
| R(LIN) | 368558 |
| 245 10 - Сведения за заглавието | |
| Заглавие | Bastien und Bastienne [CD аудио] |
| Подзаглавни данни | Singspiel in one act |
| Авторска отговорност | Волфганг Амадеус Моцарт; * Wolfgang Amadeus Mozart; сопран Edita Gruberova; тенор Vinson Cole; бас Laszlo Polgar; изп. Franz Liszt Chamber Orchestra; диригент Raymond Leppard. |
| Версия | KV50(46b) |
| 257 ## - Страна на издаване | |
| Страна на създаване/издаване | Нидерландия (Холандия) |
| 260 ## - Област на издателските данни | |
| Име на издателя | Sony Classical |
| Година на издаване | 1990 |
| Място на издаване | Columbia |
| 300 ## - Физическа характеристика | |
| Размер | 12 cm. |
| Тип мерна единица | бр. в к-т |
| Брой страници | 1 CD |
| 306 ## - Продължителност на изпълнението | |
| Времетраене | 65мин. 16сек. |
| 380 ## - Жанр | |
| Жанр | Изкуство |
| 650 #4 - Допълнително описание по предмет – тема | |
| Предметна рубрика | Опери |
| 9 (RLIN) | 165041 |
| 653 ## - Ключова дума – ненормативна | |
| Ключови думи | Опера |
| 700 ## - Други автори (авторска отговорност) | |
| Друг автор | Mozart, Wolfgang Amadeus |
| Дати, свързани с автора | 1756 - 1791 |
| 9 (RLIN) | 386874 |
| 700 1# - Други автори (авторска отговорност) | |
| Друг автор | Gruberova, Edita |
| Авт. отговорност на др. автор | сопран |
| 9 (RLIN) | 11873 |
| 700 1# - Други автори (авторска отговорност) | |
| Друг автор | Cole, Vinson |
| Авт. отговорност на др. автор | тенор |
| 9 (RLIN) | 353650 |
| 700 1# - Други автори (авторска отговорност) | |
| Друг автор | Polgar, Laszlo |
| Авт. отговорност на др. автор | бас |
| 9 (RLIN) | 353651 |
| 700 1# - Други автори (авторска отговорност) | |
| Друг автор | Leppard, Raymond |
| Авт. отговорност на др. автор | диригент |
| 9 (RLIN) | 16833 |
| 710 ## - Име на организация или юридическо лице като допълнителен термин за търсене | |
| 9 (RLIN) | 496920 |
| Друг колективен автор | Ferenc Liszt Chamber Orchestra |
| 852 ## - Местоположение | |
| Сигнатура (форматна) | Цб CD 1929 |
| Част | 0 |
| 856 4# - Електронен адрес и достъп | |
| Електронен формат | pdf - файл |
| Път до файла (ресурса) | |
| 856 4# - Електронен адрес и достъп | |
| Електронен формат | pdf - файл |
| Път до файла (ресурса) | |
| 942 ## - АРТИКУЛИ | |
| Вид на библиотечния документ | Компактдискове |
| Скрит в OPAC | Не |
| 944 ## - СЪЗДАВАНЕ И РЕДАКЦИЯ на ЗАПИСА | |
| Създаване/Редакция | Създаване |
| Дата на регистрацията/редакция | 21.10.2008 |
| Статус, дата на статуса | Геновева Генчева |
| Служител, извършил регистрацията/редакцията | 30560 |
| 944 ## - СЪЗДАВАНЕ И РЕДАКЦИЯ на ЗАПИСА | |
| Създаване/Редакция | Редакция |
| Дата на регистрацията/редакция | 21.10.2008 |
| 999 ## - СИСТЕМНИ КОНТРОЛНИ НОМЕРА | |
| Koha biblionumber | 216386 |
| Koha biblioitemnumber | 216386 |
| Код за отписване | Код за изгубен артикул | Източник на класификационната схема | Код за повреда | Коз за рестрикции | Код за отдаване | Артикулен № | Име на библиотеката - собственик | Име на библиотеката, в която се намира в момента | Статус (Текущо местоположение) | Дата на вписване в системата | Местоположение - отдел | Цена в лева | Инвентарен номер | Систематично азбучна сигнатура | Баркод | Номер на екземпляра | Цена в евро | Служебен тип на артикула |
|---|---|---|---|---|---|---|---|---|---|---|---|---|---|---|---|---|---|---|
| Не е изгубен | Universal Decimal Classification | Не е повреден | без рестрикции | заемане за дома | 387755 | Регионална библиотека "Любен Каравелов" Русе | Регионална библиотека "Любен Каравелов" Русе | Отдел Изкуство - подръчен фонд | 1990-01-01 | Отдел Изкуство - подръчен фонд | 8.00 | 120000905762 | 782/M 91 W | 120000905762 | 1 | 4.09 | Компактдискове |